000 00802nam a2200253Ia 4500
003 OSt
005 20221005091339.0
006 a|||||r|||| 00| 0
007 ta
008 221004b |||||||| |||| 00| 0 eng d
020 _a1403939292 (pbk)
_c1132.25
024 _a94947
037 _b8291, 05/02/2009, Elite Publishers Distributors
_cTextual
040 _aCRL
_cCRL
_beng
041 _2eng
_aeng
082 _aY72:4.1, P4
100 _aCoates Ken S.
_9322267
245 0 _aGlobal history of indigenous peoples
_b Struggle and survival
260 _aNew York
_bPalgrave Macmillan U.S.A
_c2004
300 _ax, 297p.
_ccm.
650 _aSOCIOLOGY
942 _hY72:4.1, P4
_cTEXL
_2cc
999 _c997160
_d997160